书目信息 |
| 题名: |
人类设计思潮
|
|
| 作者: | 翟墨 主编 | |
| 分册: | ||
| 出版信息: | 石家庄 河北美术出版社 2007.06 |
|
| 页数: | 405页 | |
| 开本: | 25cm | |
| 丛书名: | ||
| 单 册: | ||
| 中图分类: | J06 | |
| 科图分类: | ||
| 主题词: | 艺术--yi shu--设计--研究 | |
| 电子资源: | ||
| ISBN: | 978-7-5310-2816-1 | |
| 000 | 00864nam0 2200253 450 | |
| 001 | 012008759741 | |
| 005 | 20080428111457.85 | |
| 010 | @a978-7-5310-2816-1@dCNY58.00 | |
| 100 | @a20080428d2007 em y0chiy0120 ea | |
| 101 | 0 | @achi |
| 102 | @aCN@b130000 | |
| 105 | @aac a 000yy | |
| 106 | @ar | |
| 200 | 1 | @a人类设计思潮@Aren lei she ji si chao@f翟墨主编@Fzhai mo zhu bian |
| 210 | @a石家庄@c河北美术出版社@d2007.06 | |
| 215 | @a405页@c图@d25cm | |
| 300 | @a全国艺术科学“十五”规划课题全国艺术科学规划课题出版基金资助 | |
| 320 | @a有书目 (第396-399页) | |
| 330 | @a本书分为两编,上编对人类设计思潮的发展进行了纵与横的梳理;下编从功能、形式、人文、信仰、科技、商业、生态等不同角度予以提炼。 | |
| 606 | 0 | @a艺术@Ayi shu@x设计@x研究 |
| 690 | @aJ06@v4 | |
| 701 | 0 | @a翟墨@Azhai mo@4主编 |
| 801 | 0 | @aCN@bQSSK@c20080428 |
| 905 | @b298062-64@dJ06@eZ047@f3 | |
| 人类设计思潮/翟墨主编.-石家庄:河北美术出版社,2007.06 |
| 405页:图;25cm |
| 全国艺术科学“十五”规划课题全国艺术科学规划课题出版基金资助 |
| ISBN 978-7-5310-2816-1:CNY58.00 |
| 本书分为两编,上编对人类设计思潮的发展进行了纵与横的梳理;下编从功能、形式、人文、信仰、科技、商业、生态等不同角度予以提炼。 |
| ● |
| 相关链接 |
|
|
|
正题名:人类设计思潮
索取号:J06/Z047
 
预约/预借
| 序号 | 登录号 | 条形码 | 馆藏地/架位号 | 状态 | 备注 |
| 1 | 298062 | 202980621 | 艺术设计学院资料室/ [索取号:J06/Z047] | 在馆 | |
| 2 | 298063 | 202980630 | 社科库309/309社科库 63排2列1层/ [索取号:J06/Z047] | 在馆 | |
| 3 | 298064 | 202980649 | 社科库309/309社科库 63排2列1层/ [索取号:J06/Z047] | 在馆 |